[Event "Dhaka SGS op"]
[Site "Dhaka"]
[Date "2017.06.04"]
[Round "2"]
[White "Haque, Rezaul"]
[Black "Islam, MM Zahirul"]
[Result "1-0"]
[WhiteElo "2143"]
[BlackElo "1831"]
[PlyCount "91"]
[EventDate "2017.06.03"]
[EventType "swiss"]
[EventRounds "9"]
[EventCountry "BAN"]
[SourceTitle "EXT 2019"]
[Source "ChessBase"]
[SourceDate "2018.10.10"]
[SourceVersion "1"]
[SourceVersionDate "2018.10.10"]
[SourceQuality "1"]

1. Nf3 d5 2. d3 Nf6 3. Bg5 e6 4. c3 c5 5. Nbd2 Be7 6. e4 Nc6 7. Be2 h6 8. Bh4 0-0 9. 0-0 b6 10. Re1 Bb7 11. e5 Nd7 12. Bxe7 Qxe7 13. d4 Rfc8 14. a3 a5 15. Nf1 Ba6 16. Bxa6 Rxa6 17. a4 cxd4 18. cxd4 Ra7 19. Qd2 Qb4 20. Rec1 Rac7 21. Rc3 Ne7 22. Rxc7 Rxc7 23. Qxb4 axb4 24. Ne3 f6 25. exf6 gxf6 26. Kf1 Kf7 27. Ke1 Nc8 28. Kd1 Nd6 29. Nd2 Nc4 30. Nexc4 dxc4 31. Rc1 c3 32. bxc3 bxc3 33. Ne4 Ra7 34. Nxc3 e5 35. dxe5 Nxe5 36. Rb1 Rd7+ 37. Kc2 Nc4 38. Rd1 Rc7 39. Rd4 Ke6 40. Rh4 Nd6 41. Kb3 Rh7 42. Rb4 Rb7 43. Ne4 f5 44. Nxd6 Kxd6 45. Rb5 f4 46. a5 1-0

[Event "BAN Walton 1st League"]
[Site "Dhaka"]
[Date "2016.12.14"]
[Round "9.1"]
[White "Haque, Rezaul"]
[Black "Ali, Mohammad Amir"]
[Result "1-0"]
[WhiteElo "2141"]
[BlackElo "1774"]
[PlyCount "109"]
[EventDate "2016.12.06"]
[EventType "team-tourn"]
[EventRounds "9"]
[EventCountry "BAN"]
[SourceTitle "CBM 176 Extra"]
[Source "ChessBase"]
[SourceDate "2017.03.02"]
[SourceVersion "1"]
[SourceVersionDate "2017.03.02"]
[SourceQuality "1"]
[WhiteTeam "Leonine CC"]
[BlackTeam "Golden Sporting"]
[WhiteTeamCountry "BAN"]
[BlackTeamCountry "BAN"]

1. e4 d5 2. d3 dxe4 3. dxe4 Qxd1+ 4. Kxd1 Nc6 5. Be3 Bg4+ 6. f3 0-0-0+ 7. Nd2 Bh5 8. c3 Nf6 9. Ne2 Ne5 10. Kc2 Nfd7 11. Nf4 Bg6 12. Bxa7 e6 13. Be3 Bd6 14. a4 Kb8 15. b4 h6 16. Nxg6 Nxg6 17. g3 f5 18. Bc4 Rhe8 19. Bd4 Nge5 20. Rae1 g5 21. Be2 f4 22. gxf4 gxf4 23. Rhg1 Rg8 24. Rxg8 Rxg8 25. Rg1 Rg5 26. Kd1 c5 27. bxc5 Bxc5 28. Rxg5 hxg5 29. h3 Nc6 30. Nb3 Be7 31. Bb5 e5 32. Bf2 Kc7 33. Ke2 b6 34. Kd3 Nf6 35. Nd2 Na5 36. Nf1 Nb3 37. Nh2 Bc5 38. Be1 Be3 39. Kc2 Nc5 40. Nf1 Bg1 41. Nd2 Nfd7 42. h4 gxh4 43. Bxh4 Kd6 44. Nc4+ Ke6 45. Bd8 Nb7 46. Bxd7+ Kxd7 47. Bxb6 Bxb6 48. Nxb6+ Kc6 49. Nc4 Nc5 50. Nxe5+ Kb6 51. Nd3 Nxa4 52. Nxf4 Kc5 53. Nd3+ Kd6 54. c4 Kc6 55. c5 1-0

[Event "BAN Walton 1st League"]
[Site "Dhaka"]
[Date "2016.12.12"]
[Round "7.1"]
[White "Haque, Rezaul"]
[Black "Hossain, Zakir"]
[Result "1-0"]
[WhiteElo "2141"]
[BlackElo "1919"]
[PlyCount "61"]
[EventDate "2016.12.06"]
[EventType "team-tourn"]
[EventRounds "9"]
[EventCountry "BAN"]
[SourceTitle "CBM 176 Extra"]
[Source "ChessBase"]
[SourceDate "2017.03.02"]
[SourceVersion "1"]
[SourceVersionDate "2017.03.02"]
[SourceQuality "1"]
[WhiteTeam "Leonine CC"]
[BlackTeam "Masud Sports"]
[WhiteTeamCountry "BAN"]
[BlackTeamCountry "BAN"]

1. Nf3 d5 2. g3 g6 3. Bg2 Bg7 4. c4 c6 5. 0-0 e5 6. cxd5 cxd5 7. d3 Ne7 8. e4 0-0 9. Qb3 dxe4 10. dxe4 Nbc6 11. Rd1 Nd4 12. Nxd4 exd4 13. Nc3 Qb6 14. Qxb6 axb6 15. Nb5 Be6 16. Nxd4 Rfd8 17. Be3 Bxa2 18. f4 h5 19. Rd2 Bc4 20. Rc1 b5 21. e5 Nd5 22. Bxd5 Bxd5 23. Nxb5 Bc6 24. Nd6 Bf8 25. b4 Bxd6 26. exd6 Ra3 27. Bb6 Rd7 28. Re1 Ra8 29. Re5 Ra1+ 30. Kf2 Ra8 31. b5 1-0

[Event "BAN Walton 1st League"]
[Site "Dhaka"]
[Date "2016.12.10"]
[Round "5.1"]
[White "Haque, Rezaul"]
[Black "Islam, Khandaker Aminul"]
[Result "1/2-1/2"]
[WhiteElo "2141"]
[BlackElo "2219"]
[PlyCount "128"]
[EventDate "2016.12.06"]
[EventType "team-tourn"]
[EventRounds "9"]
[EventCountry "BAN"]
[SourceTitle "CBM 176 Extra"]
[Source "ChessBase"]
[SourceDate "2017.03.02"]
[SourceVersion "1"]
[SourceVersionDate "2017.03.02"]
[SourceQuality "1"]
[WhiteTeam "Leonine CC"]
[BlackTeam "Bangladesh Navy"]
[WhiteTeamCountry "BAN"]
[BlackTeamCountry "BAN"]

1. e4 e6 2. d3 d5 3. Nd2 c5 4. Ngf3 Nc6 5. Be2 Nf6 6. 0-0 Be7 7. Re1 b6 8. Bf1 dxe4 9. dxe4 Bb7 10. c3 Qc7 11. Qc2 0-0 12. a4 Ne5 13. b3 Rfd8 14. Nxe5 Qxe5 15. f3 Qc7 16. Nc4 Nd7 17. e5 Bd5 18. f4 Nf8 19. Bd3 Ng6 20. g3 Nf8 21. Be3 Rab8 22. Nb2 Rd7 23. Be4 Rbd8 24. Rad1 Qc6 25. Bg2 h5 26. c4 Bxg2 27. Qxg2 Qxg2+ 28. Kxg2 Rxd1 29. Rxd1 Rxd1 30. Nxd1 Nd7 31. Nc3 Nb8 32. Kf3 Nc6 33. Nb1 f6 34. Ke4 fxe5 35. fxe5 Kf7 36. h4 Bd8 37. Nd2 Bc7 38. Nf3 Na5 39. Nd2 Ke8 40. Bf4 Kd7 41. Kd3 Kc8 42. Kc3 Nc6 43. Nf3 Kd7 44. Kd3 Ke7 45. Ke4 Bb8 46. Bd2 Bc7 47. Bc3 Bd8 48. Ng5 Kd7 49. Nf3 Ke8 50. Bd2 Kf7 51. Bc3 Be7 52. Be1 Ke8 53. Bc3 Nd8 54. Bd2 Nf7 55. Be3 Kd7 56. Bd2 a6 57. Bf4 Kc6 58. Bd2 b5 59. axb5+ axb5 60. Kd3 Bd8 61. Bf4 Ba5 62. Ng5 Nxg5 63. Bxg5 Be1 64. Bf4 Bf2 1/2-1/2

[Event "BAN-ch 42nd"]
[Site "Dhaka"]
[Date "2016.11.15"]
[Round "7"]
[White "Ikramul, Haque Siam"]
[Black "Haque, Rezaul"]
[Result "1/2-1/2"]
[WhiteElo "2202"]
[BlackElo "2121"]
[PlyCount "52"]
[EventDate "2016.11.08"]
[EventType "tourn"]
[EventRounds "13"]
[EventCountry "BAN"]
[EventCategory "3"]
[SourceTitle "CBM 175 Extra"]
[Source "ChessBase"]
[SourceDate "2016.12.12"]
[SourceVersion "1"]
[SourceVersionDate "2016.12.12"]
[SourceQuality "1"]

1. d4 d6 2. Nf3 Bg4 3. c4 c6 4. Nc3 Nf6 5. e4 Nbd7 6. Be2 e5 7. 0-0 Be7 8. Be3 0-0 9. d5 cxd5 10. cxd5 Ne8 11. Nd2 Bxe2 12. Qxe2 Bg5 13. a4 Bxe3 14. Qxe3 a5 15. Nb5 g6 16. Ra3 f5 17. f4 Qe7 18. fxe5 dxe5 19. Kh1 f4 20. Qe1 Rc8 21. Nf3 Qb4 22. Qxb4 axb4 23. Rb3 Rc4 24. Nd2 Rc2 25. Nf3 Rc4 26. Nd2 Rc2 1/2-1/2

[Event "BAN-ch 42nd"]
[Site "Dhaka"]
[Date "2016.11.09"]
[Round "2"]
[White "Haque, Rezaul"]
[Black "Hossain, Enamul"]
[Result "0-1"]
[WhiteElo "2121"]
[BlackElo "2443"]
[PlyCount "100"]
[EventDate "2016.11.08"]
[EventType "tourn"]
[EventRounds "13"]
[EventCountry "BAN"]
[EventCategory "3"]
[SourceTitle "CBM 175 Extra"]
[Source "ChessBase"]
[SourceDate "2016.12.12"]
[SourceVersion "1"]
[SourceVersionDate "2016.12.12"]
[SourceQuality "1"]

1. Nf3 Nf6 2. d3 d5 3. Bg5 e6 4. c3 Be7 5. Nbd2 c5 6. e4 Nc6 7. Be2 0-0 8. 0-0 h6 9. Bh4 b6 10. e5 Nd7 11. Bxe7 Qxe7 12. d4 a5 13. Bd3 Ba6 14. Bxa6 Rxa6 15. Qe2 Ra7 16. a4 cxd4 17. cxd4 Rc8 18. Rfc1 Rac7 19. Nb3 Qb4 20. Rc3 Ne7 21. Rxc7 Rxc7 22. Qd3 Rc4 23. Ne1 Nf5 24. Nc2 Qf8 25. Nd2 Rc7 26. Nb3 Nb8 27. Na3 Nc6 28. Qc3 Rc8 29. Rc1 Na7 30. Qd2 Qd8 31. Rxc8 Qxc8 32. Qd3 Qd7 33. Nb5 Nxb5 34. axb5 Qe7 35. Qc3 Qg5 36. g3 a4 37. Nd2 Qg4 38. Nf3 Qe4 39. h3 Qe2 40. g4 Ne7 41. Nh4 Qxb5 42. Qc7 Qb4 43. Qd8+ Kh7 44. Qf8 Qe1+ 45. Kg2 Ng6 46. Qxf7 Nxh4+ 47. Kg3 Ng6 48. Qxe6 Qg1+ 49. Kf3 Qh1+ 50. Kg3 Qxh3+ 0-1

[Event "BAN-chB 42nd"]
[Site "Dhaka"]
[Date "2016.10.29"]
[Round "10"]
[White "Ahmed, Sk Nasir"]
[Black "Haque, Rezaul"]
[Result "1-0"]
[WhiteElo "2266"]
[BlackElo "2121"]
[PlyCount "69"]
[EventDate "2016.10.20"]
[EventType "swiss"]
[EventRounds "11"]
[EventCountry "BAN"]
[SourceTitle "CBM 175 Extra"]
[Source "ChessBase"]
[SourceDate "2016.12.12"]
[SourceVersion "1"]
[SourceVersionDate "2016.12.12"]
[SourceQuality "1"]

1. e4 e5 2. Nf3 Nc6 3. Bc4 Be7 4. 0-0 Nf6 5. d3 0-0 6. Re1 d6 7. c3 Na5 8. Bb5 a6 9. Ba4 b5 10. Bc2 c5 11. Nbd2 Qc7 12. Nf1 Nc6 13. Ng3 d5 14. Bd2 dxe4 15. dxe4 Rd8 16. Qe2 Bg4 17. Be3 Nh5 18. Nf5 Nf4 19. Bxf4 exf4 20. e5 Bf8 21. e6 Bxf3 22. exf7+ Qxf7 23. Qxf3 Rac8 24. Qxf4 g6 25. Nh6+ Bxh6 26. Qxh6 Re8 27. Qg5 Ne7 28. h4 Kh8 29. Re5 c4 30. Rae1 Ng8 31. a4 Rf8 32. R1e2 h6 33. Qe3 Kg7 34. axb5 axb5 35. Re6 1-0